Air Canada International Destinations - Statistics

General Stats
  • This quiz has been taken 99 times
  • The average score is 58 of 87
Answer Stats
Country / Territory City % Correct
Netherlands Amsterdam
100%
France Paris
100%
Italy Rome
100%
Japan Tokyo
100%
India Delhi
98%
Ireland Dublin
98%
Cuba Havana
98%
Australia Sydney
98%
Belgium Brussels
97%
Denmark Copenhagen
97%
Australia Melbourne
97%
Italy Milan
97%
Germany Frankfurt
95%
Mexico Mexico City
95%
India Mumbai
95%
Iceland Reykjavík
95%
Chile Santiago
95%
Brazil São Paulo
95%
Austria Vienna
95%
Poland Warsaw
95%
New Zealand Auckland
93%
China, PR Beijing
93%
Argentina Buenos Aires
93%
United Arab Emirates Dubai
93%
United Kingdom London
93%
Germany Munich
93%
Japan Osaka
93%
China, PR Shanghai
92%
Taiwan Taipei
92%
Israel Tel Aviv
92%
Morocco Casablanca
90%
South Korea Seoul
90%
Australia Brisbane
88%
Mexico Cancún
88%
Spain Madrid
88%
Switzerland Zürich
88%
Algeria Algiers
86%
United States Los Angeles
86%
Switzerland Geneva
85%
China Hong Kong
85%
United States New York City
85%
France Lyon
81%
Puerto Rico San Juan
81%
United States Boston
80%
United States Chicago
80%
United States San Francisco
80%
United States Seattle
80%
United States Houston
75%
United States Denver
73%
United States Orlando
66%
France Bordeaux
63%
Jamaica Montego Bay
63%
Dominican Republic Punta Cana
61%
United States Austin
59%
United States Phoenix
56%
United States Newark
54%
Ireland Shannon
54%
Antigua and Barbuda St. John's
54%
United States Tampa
53%
Barbados Bridgetown
51%
United States Honolulu
49%
Dominican Republic Puerto Plata
49%
Mexico Puerto Vallarta
46%
Curaçao Curaçao
42%
Cuba Varadero
42%
United States Fort Lauderdale
41%
Mexico San José del Cabo
41%
Aruba Oranjestad
39%
United States Anchorage
36%
Bermuda Hamilton
32%
Cayman Islands George Town
31%
Bahamas George Town, Exuma
31%
United States Kona
27%
Turks and Caicos Islands Providenciales
25%
Martinique Fort-de-France
22%
Cuba Cayo Coco
20%
United States Kahului
20%
United States Lihue
20%
Mexico Ixtapa/Zihuatanejo
19%
Guadeloupe Pointe-à-Pitre
17%
Cuba Santa Clara
15%
Sint Maarten Philipsburg
14%
Saint Lucia Vieux-Fort
14%
United States Palm Springs
12%
Dominican Republic Samana
10%
United States West Palm Beach
8%
Bahamas San Salvador
5%
No matching quizzes found
Score Distribution
Percent of People with Each Score
Percentile by Number Answered
Your Score History
You have not taken this quiz